Yunus Emre divanı (Record no. 2371)
[ view plain ]
| 000 -BAŞLIK | |
|---|---|
| Sabit Uzunlukta Kontrol Alanı | 00769na a2200277 4500 |
| 001 - KONTROL NUMARASI | |
| Denetim Alanı | 15985 |
| 003 - KONTROL NUMARASI IDENTIFIER | |
| Denetim Alanı | MIRAKIL |
| 005 - SON İŞLEM TARİHİ VE ZAMANI | |
| Denetim Alanı | 20181213154855.0 |
| 008 - SABİT-BOY VERİ ELEMANLARI - GENEL BİLGİLER | |
| Sabit Uzunlukta Kontrol Alanı | 161001b tu 000 0 |
| 020 ## - ULUSLARARASI STANDART KİTAP NUMARASI | |
| Uluslararası Standart Kitap Numarası | 9789759951290 |
| 035 ## - SİSTEM KONTROL NUMARASI | |
| Sistem Kontrol Numarası | 15985 |
| 040 ## - KATALOGLAMA KAYNAK | |
| Orijinal Kataloglama Ajansı | Milas |
| Kataloglama Dili | tur |
| Metne Dönüştürmek Ajansı | TR-AnCHP |
| 041 ## - DİL KODU | |
| Metin / Ses Parça Veya Ayrı Başlığın Dil Kodu | tur |
| 082 ## - DEWEY ONLU SINIFLANDIRMA NUMARASI | |
| Sınıflandırma Numarası | 811.22 |
| Ürün Numarası | Y85y [t.y.] |
| 090 ## - SINIFLAMA NUMARASI | |
| Sınıflama Numarası | 811.22 Y85y [t.y.] |
| 100 ## - ANA GİRİŞ - KİŞİSEL İSİM | |
| Kişisel Ad | Emre, Yunus |
| Bir Adıyla İlişkilendirilen Tarihler | 13. yüzıl |
| Bir Çalışmanın Adı | Divan |
| 245 ## - BAŞLIK TABLOSU | |
| Başlık | Yunus Emre divanı |
| Sorumluluk Tablosu, Vb | Yunus Emre; hazırlayan Selim Yağmur |
| 260 ## - YAYIN, DAĞITIM, VB | |
| Yayın, Dağıtım, Vb Yeri | İstanbul |
| Yayıncı, Dağıtıcı, Vs Adı | Dergah yayınları |
| Yayın, Dağıtım, Vb Tarihi | [t.y.] |
| 300 ## - FİZİKSEL TANIM | |
| Kapsam | 427 s. |
| Boyutlar | 20 sm. |
| 600 ## - KONU KATMA GİRİŞ - KURUMSAL ADI | |
| Kişisel Ad | Emre, Yunus |
| 650 ## - KONU KATMA GİRİŞ - TOPİKAL DÖNEM | |
| Topikal Süreli Veya Coğrafi Ad Giriş Elemanı | Divan edebiyatı |
| Genel Alt Bölümü | Şiir |
| 650 ## - KONU KATMA GİRİŞ - TOPİKAL DÖNEM | |
| Topikal Süreli Veya Coğrafi Ad Giriş Elemanı | Türk edebiyatı |
| Genel Alt Bölümü | Şiir |
| Kronolojik Alt Bölümü | 13. yüzyıl |
| 942 ## - EKLENDİ GİRİŞ ELEMANLARI (KOHA) | |
| Sınıflandırma Veya Raf Düzeni Kaynak | Dewey Decimal Classification |
| Koha Öğesi Türü | Books |
| 999 ## - SİSTEM KONTROL NUMARALARI (KOHA) | |
| Koha Biblionumber | 2371 |
| Koha Biblioitemnumber | 2371 |
| 657 ## - INDEX SÜRE - İŞLEVİ | |
| -- | Divan şiiri |
| 657 ## - INDEX SÜRE - İŞLEVİ | |
| -- | Divan edebiyatı |
| Kalıcı Konum | Mevcut Konum | Edinme Tarihi | Edinim Kaynak | Toplam Check-Out'Lar | Tam Çağrı Numarası | Barkod | Tarih Son Görülme | İtibaren Geçerli Fiyatlar | Koha Öğesi Türü |
|---|---|---|---|---|---|---|---|---|---|
| CHP Kütüphanesi | CHP Kütüphanesi | 09/28/2016 | Bağış | 811.22 Y85y [t.y.] | 004273 | 09/28/2016 | 09/28/2016 | Books |
